| 000 | 00348nam a2200145Ia 4500 | ||
|---|---|---|---|
| 008 | 230917s9999||||xx |||||||||||||| ||und|| | ||
| 040 |
_e37211 _aMAIN |
||
| 041 | _aEnglish | ||
| 082 | _a823.7 G212S:E | ||
| 100 | _aStoneman, Patsy | ||
| 245 | 0 | _aElizabeth gaskell | |
| 260 |
_aSussex _bharvester Press _c1987 |
||
| 300 | _axv, 223 p. | ||
| 942 | _cBK | ||
| 999 |
_c60844 _d60844 |
||